| 000 | 01718nam a2200397 c 4500 | ||
|---|---|---|---|
| 003 | BLK | ||
| 005 | 20241104134646.0 | ||
| 008 | 180411b bul|||||r ||||||| ||bul|| | ||
| 010 | _aKNG00185520000 | ||
| 020 |
_a978-619-152-692-5 _bиздат.: Изток-Запад |
||
| 040 | _aBLK | ||
| 041 |
_aBUL _cBUL |
||
| 072 | 7 |
_2bullib _aН84 _xБългарска художествена литература Н |
|
| 080 |
_aБългарска литература _b821.163.2 _x-4 _z821.163.2-4 |
||
| 080 |
_aБългарска литература _b821.163.2 _x.09 _z821.163.2.09 |
||
| 100 | 1 |
_aЗарев, Тони Стоянов _eпърви автор _9340813 |
|
| 700 |
_aЕфтимов, Йордан Симеонов _9370243 |
||
| 139 |
_aЗарев, Тони Стоянов _bЗ 34 |
||
| 245 | 1 | 0 |
_aЛитературен детектив _bПо следите на забравени автори и текстове _cТони Стоянов Зарев; предг. от Йордан Симеонов Ефтимов. |
| 257 | _aBGR | ||
| 260 |
_аСофия _bИзток-Запад _c2015 |
||
| 300 |
_a256 с. _bс ил., портр., факс. _c22 см |
||
| 380 | _aX | ||
| 500 | _aСъдържа и за авт. - Библиогр. с. 251-253. | ||
| 653 | _aесета | ||
| 653 | _aбългарска литература | ||
| 653 | _aбългарски писатели | ||
| 653 | _aистория на литературата | ||
| 659 | _aН | ||
| 852 | _aЦб 278608 | ||
| 856 | 4 |
_qpdf _u |
|
| 856 | 4 |
_qpdf _u |
|
| 942 |
_cKNG _n0 _05 |
||
| 944 |
_aCR _c14.12.2015 _lГеновева Генчева _k30560 |
||
| 944 |
_aED _c01.07.2016 _lф / _kПенка_Димитрова |
||
| 999 |
_c176889 _d176889 |
||